000 00299nam a22001337a 4500
008 190204b xxu||||| |||| 00| 0 eng d
020 _a9780323296601
041 _aeng
080 _232nd
_a610
100 _a4
101 _aSHM
245 _aIntravenous Medications
_cGahart, B.L
942 _2udc
_cBK
999 _c53921
_d53921